Flags Chain on a World Map #1 - Statistics

General Stats
  • This quiz has been taken 45,951 times
  • The average score is 7 of 10
Answers on the Map
Answers color-coded by a green-red scale on the quiz's map according to % correct below.
 
Answer Stats
Answer % Correct
United States
100%
Australia
88%
Japan
85%
Germany
82%
South Africa
79%
Argentina
78%
Hungary
65%
Kenya
59%
Algeria
51%
Singapore
46%
No matching quizzes found
Score Distribution
Percent of People with Each Score
Percentile by Number Answered
Your Score History
You have not taken this quiz